000 01892cam a2200421 i 4500
001 21950
003 Mx-PuUPA
005 20260323130422.0
008 140415s2016 nyua gr 000 0 spa d
017 _aB. 3.460-2016
020 _a9788425228858
040 _cMx-PuUPA
_aMx-PuUPA
_bspa
_dMx-PuUPA
_erda
041 1 _aspa
_heng
100 1 _aKleon, Austin,
_d1983-
_eautor
_eilustrador
_917938
240 1 0 _aShow your work! 10 ways to share your creativity and get discovered.
_lEspañol
245 1 0 _aAprende a promocionar tu trabajo :
_b10 recursos para artistas, diseñadores y creativos /
_cdel texto y las ilustraciones, Austin Kleon ; de la traducción, Álvaro Marcos
250 _a1a. edición
264 1 _aBarcelona :
_bEditorial GG,
_c2016
300 _a215 páginas :
_bilustraciones (en blanco y negro) ;
_c16 cm
336 _2rdacontent
_atexto
_btxt
336 _2rdacontent
_aimagen fija
_bsti
337 _2rdamedia
_asin medio
_bn
338 _2rdacarrier
_avolumen
_bnc
500 _aReimpresiones: (12a tirada, 2025).
650 7 _2armarc
_aÉxito en los negocios
650 7 _2armarc
_aMovilidad ocupacional
650 7 _2armarc
_aDesarrollo profesional
650 7 _2armarc
_aComunicación en diseño
650 7 _2armarc
_aCreación
_xAspectos literarios
650 7 _2armarc
_aCreatividad
700 1 _aMarcos, Álvaro,
_etraductor
765 0 _aKleon, Austin, 1983-
_bNueva York : Workman Publishing Company, 2014
_tShow your work! 10 ways to share your creativity and get discovered.
942 _2ddc
_cLI
_h153.35
_iK6318
999 _c21950
_d21950